Taylor Swift: The Complete Eras Megamix Lyrics - Statistics

General Stats
  • This quiz has been taken 230 times
  • The average score is 30 of 251
Answer Stats
Hint Answer % Correct
h (Lover)
66%
Midnights Salt streams
65%
h Never wanted you to hate me
61%
h You should've said no
45%
h Call it what you want, yeah, call it what you want to
44%
h A beautiful magic love there
40%
h You can hear it in the silence
40%
h Can you feel this magic in the air?
37%
h Come on, come on, don't leave me like this
37%
h I think I've seen this film before
37%
h Saying, "it's gonna be alright"
33%
h In the middle of the night, in my dreams
32%
h All this time I was wasting hoping you would come around
31%
h Took a deep breath in the mirror
29%
h Tell me why
27%
h I'm just gonna shake, shake, shake, shake, shake
26%
h Cause baby, now we got bad blood
25%
h (Me)
25%
h Baby
24%
h Cause there we are again
24%
h All those shadows almost killed your light
23%
h And I don't know how it gets better than this
23%
h Wildest dreams, ah, ah, ah
23%
h As if you were a mythical thing
22%
h How could you do this, babe?
22%
h Karma's a relaxing thought
20%
h Now I'm haunted
20%
h Standing in a nice dress, staring at the sunset, babe
20%
h I don't know about you
19%
h I knew you were trouble when you walked in
19%
h It'll leave you breathless
19%
h I was screaming "long live"
19%
h We are never ever ever getting back together
19%
h As far as I'm concerned, you're just another picture to burn
18%
h I'd marry you with paper rings
18%
h (It's me)
18%
h Welcome to New York
18%
h And they said, "speak now"
17%
h Life was a willow and it bent right to your wind
17%
h Or it's gonna go down in flames
17%
h You need to calm down
17%
h Delicate
16%
h I forgot that you existed
16%
h I'll stare directly at the sun but never in the mirror
16%
h I'll tell you the truth but never goodbye
16%
h It's cool
16%
h And the God's honest truth is that the pain was heaven
15%
h Bye bye
15%
h If the high was worth the pain
15%
h I remember all too well
15%
h It was maroon
15%
h I watched it begin again
15%
h Just the first time ever hanging out with you
15%
h Please don't be in love with someone else, please don't have somebody waiting on you
15%
h Saying goodbye is death by a thousand cuts
15%
h Say that we'll be together
15%
h This is why we can't have nice things
15%
h You're losing me
15%
h I don't think so
14%
h Isn't it, isn't it, isn't it?
14%
h (Just take me home)
14%
h Sparks fly
14%
h 'Tis the damn season, write this down
14%
h We never go out of style
14%
h We were in the backseat, drunk on something stronger than the drinks in the bar
14%
h You go talk to your friends, talk to my friends, talk to me
14%
h Combat
13%
h Fifteen, and somebody tells you they love you
13%
h Fighting in only your army
13%
h (He did it)
13%
h I didn't know what I would find
13%
h I wish I could fly
13%
h Superstar
13%
h That's when, when I wake up in the morning
13%
h The more that you say, the less I know
13%
h The worst thing that I ever did
13%
h This love is ours
13%
h When I was drowning, that's when
13%
h All you had to do was stay
12%
h And I got that red lip classic thing that you like
12%
h And now that I know, I wish you'd left me wondering
12%
h And that's the way I loved you
12%
h Everything will be alright
12%
h I promise that nobody's gonna love you like me
12%
h I regret you all the time
12%
h I still got love for you
12%
h Keep your eyes open
12%
h Now I just sit in the dark
12%
h Our song is the way he laughs
12%
h The joker and the queen
12%
h Was what I did to you
12%
h We just keep dancing like we're
12%
h You're choosing me
12%
h And I wouldn't marry me either
11%
h Back before you lost the one real thing you've ever known
11%
h Cause there we are again in the middle of the night
11%
h Dear reader
11%
h Don't pretend it's such a mystery, think about the place where you first met me
11%
h I'd never walk Cornelia Street again
11%
h I heard your key turn in the door down the hallway
11%
h I know how to act like I'm fine
11%
h I'll brighten up the sky
11%
h Look what you just made me do, look what you just made me do
11%
h No, I don't like you
11%
h So I'm leaving out the side door
11%
h This is a big world
11%
h We were both young when I first saw you
11%
h Why you gotta be so mean?
11%
h Wind in my hair, I was there
11%
h You are the best thing that's ever been mine
11%
h You won't remember all my champagne problems
11%
h And I could wait patiently
10%
h And I'm so furious at you for making me feel this way
10%
h Drop everything now
10%
h Heartbreak is the national anthem, we sing it proudly
10%
h If you'd never looked my way, I would've stayed on my knees
10%
h I just wanna know you better now
10%
h I'm damned if I do give a damn what people say
10%
h I miss you like it was the very first night
10%
h I wanna be your endgame
10%
h People throw rocks at things that shine
10%
h She's still 23, inside her fantasy
10%
h The autumn chill that wakes me up
10%
h You're on your own kid, you always have been
10%
h And goodbye's so much harder
9%
h Cause us traitors never win
9%
h Don't you ever grow up, just stay this little
9%
h I bet you think about me
9%
h I can't say anything to your face
9%
h If I can't relate to you anymore, then who am I related to?
9%
h I had a feeling so peculiar
9%
h I shake it off, I shake it off, I, I, I shake it off
9%
h I think he knows his footprints on the sidewalk
9%
h I watched Superman fly away
9%
h I wonder if he knows how much that I miss him
9%
h Rain, he wanted it comfortable, I wanted that pain
9%
h Remember when you hit the brakes too soon?
9%
h Snakes and stones never broke my bones, so
9%
h This is me trying
9%
h Wondering if I'd get there quicker if I was a man
9%
h Yeah, 22
9%
h And that's how it works, that's how you get the girl
8%
h Been here all along, so why can't you see
8%
h But she wears short skirts, I wear T-shirts
8%
h I can't find a pulse, my heart won't start anymore
8%
h I don't wanna look at anything else now that I saw you
8%
h If I'm not dancing with you
8%
h I've never been anywhere cold as you
8%
h I wanna be your first string
8%
h Oh, Lord, save me, my drug is my baby I'll be using for the rest of my life
8%
h Our song is a slamming screen door, sneaking out late tapping on your window
8%
h This is the last time I let you in my door
8%
h When you are young, they assume you know nothing
8%
h You brushed past me in the hallway
8%
h And you call me up again just to break me like a promise
6%
h And you wanna scream
6%
h Baby, you didn't even hear me out (Didn't even hear me out), you never gave a warning sign (I gave so many signs)
6%
h (Better than revenge)
6%
h But I stayed anyway
6%
h Checkmate, I couldn't lose
6%
h Come back, be here
6%
h Come feel this magic I've been feeling
6%
h Come on baby, with me, we're gonna fly away
6%
h Fatefully
6%
h Gone was any trace of you, I think I am finally clean
6%
h Horrified looks from everyone in the room, but I'm only looking at you
6%
h I'd write this in the sky
6%
h I'm ready to fly
6%
h I spy with my little tired eye, tiny as a firefly, a pebble that we picked up last July
6%
h It's been waiting for you, welcome to New York, welcome to New York
6%
h It turned into something bigger
6%
h Like we were in Paris
6%
h Sometimes to run is the brave thing
6%
h To live for the hope of it all, cancel plans just in case you'd call and say, "meet me behind the mall"
6%
h We still worship this love
6%
h Will it patch your broken wings?
6%
h And all at once, you are the one I have been waiting for, king of my heart, body and soul
5%
h Begging you, please don't go
5%
h Come back, come back
5%
h He's got my heart
5%
h I hope I never lose you
5%
h I'll catch you, I'll catch you
5%
h In the car, I keep singing, don't know why
5%
h I think that it's best if we both stay
5%
h Keep your helmet
5%
h Nothing but well wishes for ya
5%
h Now that it's just too late, well, could've been easy
5%
h The only one who's got enough of me to break my heart
5%
h Wanna be with you
5%
h We are alone with our changing minds
5%
h You'll find me on my tallest tiptoes
5%
h Another name goes up in lights
4%
h But the story of us might be ending soon
4%
h Can I ask you a question?
4%
h Cause I knew you were trouble when you walked in
4%
h Cause I know that it's delicate
4%
h I'd be smart to walk away
4%
h I'd hold you as the water rushes in
4%
h Never gonna love again
4%
h Not without my muse
4%
h Now it's too late for you and your white horse
4%
h Someday you'll turn your radio on, I hope it takes you back to that place
4%
h So this is me swallowing my pride, standing in front of you, saying, "I'm sorry for that night"
4%
h What did you think I'd say to that?
4%
h When Emma falls in love, she paces the floor, closes the blinds and locks the door
4%
h When I'm nothing new
4%
h You made us proud, you made us proud
4%
h You should've been here
4%
h And I hope you know that
3%
h And you say, "we'll never make my parents' mistakes"
3%
h I don't trust nobody and nobody trusts me, I'll be the actress starring in your bad dreams, I don't trust nobody and nobody trusts me, I'll be the actress starring in your bad dreams
3%
h I don't wanna go there anymore
3%
h I tell you my problems, you tell me the truth
3%
h Just like our last
3%
h Wish you were right here, right now, it's all good, I wish you would
3%
h You loved the amber sky so much
3%
h Your love is a secret I'm hoping, dreaming, dying to keep
3%
h And I was catching my breath
2%
h And you didn't see me here
2%
h And you know it's never simple, never easy
2%
h Cause I don't like a gold rush, gold rush
2%
h Come here dressed in black now, so, so, so it goes
2%
h Did you ever have someone kiss you in a crowded room, in a crowded room?
2%
h I used to think I'd meet somebody
2%
h I wish you would come back, wish I'd never hung up the phone like I did
2%
h Now I'm standing here, hoping this gets to you
2%
h There's a key on a chain, there's a picture in a frame
2%
h The water's high, you're jumping into it
2%
h (What is happening to me?)
2%
h Who you are is not where you've been
2%
h And someday, maybe you'll miss me, but by then you'll be 'Mr. Too Late'
1%
h Cause I can't live without you, baby
1%
h I feel a lavender haze creeping up on me, surreal
1%
h (I get sad)
1%
h Just know that all those times that you didn't leave, it's been occurring to me I'd like to hang out with you
1%
h So if I see you again
1%
h They'll be chasing their tails trying to track us down, cause I
1%
h I know why we had to say goodbye like the back of my hand
0%
h I'm a fire and I'll keep your brittle heart warm, if your cascade ocean waves blues come
0%
h I remember every look upon your face
0%
h It's a goddamned blaze in the dark and you started it
0%
h I won't go away
0%
h This scene feels like a movie I once saw on a screen
0%
No matching quizzes found
Score Distribution
Percent of People with Each Score
Percentile by Number Answered
Your Score History
You have not taken this quiz